Tolsztoj és Károlyi
Elmentve itt :
| Szerző: | |
|---|---|
| Dokumentumtípus: | Cikk |
| Megjelent: |
1978-09-10
|
| Sorozat: | Délmagyarország
68 No. 214 |
| Kulcsszavak: | Károlyi Lajos |
| Online Access: | http://dmarchiv.bibl.u-szeged.hu/95443 |
| LEADER | 00443nab a2200157 i 4500 | ||
|---|---|---|---|
| 001 | delm95443 | ||
| 005 | 20190516132842.0 | ||
| 008 | 190516s1978 hu o 0|| hun d | ||
| 040 | |a SZTE Délmagyarország Archívum |b hun | ||
| 041 | |a hun | ||
| 100 | 1 | |a Szelesi Zoltán | |
| 245 | 1 | 0 | |a Tolsztoj és Károlyi |h [elektronikus dokumentum] / |c Szelesi Zoltán |
| 260 | |c 1978-09-10 | ||
| 300 | |a 5 | ||
| 490 | 0 | |a Délmagyarország |v 68 No. 214 | |
| 695 | |a Károlyi Lajos | ||